Current Supreme Court Justices - Statistics

General Stats
  • This quiz has been taken 147 times
  • The average score is 7 of 9
Answer Stats
Year Appointed President Who appointed them Justice % Correct
2005 (Chief) George W. Bush John G. Roberts
88%
1991 George H.W. Bush Clarence Thomas
85%
2009 Barack Obama Sonia Sotomayor
85%
2020 Donald Trump Amy Coney Barrett
83%
2022 Joe Biden Ketanji Brown Jackson
77%
2006 George W. Bush Samuel A. Alito
77%
2018 Donald Trump Brett M. Kavanaugh
73%
2017 Donald Trump Neil M. Gorsuch
69%
2010 Barack Obama Elena Kagan
65%
No matching quizzes found
Score Distribution
Percent of People with Each Score
Percentile by Number Answered
Your Score History
You have not taken this quiz